| 000 | 00578nam a2200205 a 4500 | ||
|---|---|---|---|
| 001 | 12249 | ||
| 003 | CO-ViMGA | ||
| 008 | 141112s2004 ck r 000 u spa d | ||
| 020 | _a8423992349 | ||
| 040 |
_aCO-ViMGA _bspa _cCO-ViMGA |
||
| 082 | 0 | 4 | _aR220.3 F684d |
| 100 | 1 |
_aFouilloux, Danielle _917430 |
|
| 245 | 1 | 0 | _aDiccionario de la Biblia |
| 260 |
_aMadrid, _cEd. Espasa Calpe, _c1996 |
||
| 300 | _a547 p. | ||
| 490 | _aEspasa de bolsillo | ||
| 590 | _aPrecio : 26.900 - - Fecha de adquisición : Ag. 23, 2000 | ||
| 650 | 1 | 4 |
_aBIBLIA - DICCIONARIOS _917431 |
| 942 |
_2ddc _cBK |
||
| 999 |
_c23262 _d23262 |
||